000 00918nam a2200229Ia 4500
003 OSt
005 20210420145537.0
008 210310s1994 ck gr 000 0 spa d
040 _aCO-JMCR
_cCO-JMCR
041 0 _aspa
082 0 4 _a338.9861 /
_bA185t
_223
100 1 _aAcosta Puertas, Jaime,
_eautor
_925790
245 1 0 _aTendencias y rupturas :
_bgeopolítica y comercio mundial ciencia y tecnología prospectiva /
_cJaime Acosta Puertas
260 _aBogotá :
_bTercer mundo,
_c1994.
300 _a126 páginas ;
_c21 cm.
500 _aIncluye notas a pie de página.
504 _aBibliografía : páginas 125-126.
505 0 _aLa geopolítica mundial. -- Tendencias y rupturas del comercio mundial. -- Tendencias del comercio exterior de Colombia. -- Ciencia y tecnología. -- La prospectiva. --
650 1 4 _aComercio exterior.
_925792
650 2 4 _aRupturas de comercio.
_937018
942 _2ddc
_cBK
999 _c11539
_d11539